[Event "SVK-ch U12"]
[Site "Liptovsky Mikulas"]
[Date "2018.04.27"]
[Round "9"]
[White "Simon, Leonard"]
[Black "Balvan, Filip"]
[Result "1/2-1/2"]
[WhiteElo "1373"]
[BlackElo "1420"]
[PlyCount "131"]
[EventDate "2018.04.21"]
[EventType "swiss"]
[EventRounds "9"]
[EventCountry "SVK"]
[SourceTitle "CBM 184 Extra"]
[Source "ChessBase"]
[SourceDate "2018.06.28"]
[SourceVersion "1"]
[SourceVersionDate "2018.06.28"]
[SourceQuality "1"]

1. e4 e5 2. Nf3 Nc6 3. Bc4 Bc5 4. 0-0 Nf6 5. d3 h6 6. h3 0-0 7. c3 d6 8. Re1 Re8 9. Nbd2 a6 10. Bb3 Ba7 11. Nf1 Ne7 12. Ng3 Ng6 13. d4 c6 14. a3 b5 15. Bd2 Bb7 16. Qc1 c5 17. dxc5 dxc5 18. c4 Qc7 19. Qc2 Rad8 20. Nh2 Rd7 21. Re3 Red8 22. Nhf1 Ba8 23. Rf3 Nh4 24. Re3 Ng6 25. Rae1 a5 26. cxb5 c4 27. Rf3 Nh4 28. Rc3 cxb3 29. Qxb3 Qb6 30. Be3 Qb7 31. b6 Rb8 32. Qa4 Bxb6 33. Bxb6 Qxb6 34. Rec1 Rd4 35. b4 axb4 36. Rc8+ Kh7 37. Rxb8 Qxb8 38. axb4 Rxb4 39. Qc2 Rb2 40. Qc4 Qb6 41. Ne3 Rb1 42. Rxb1 Qxb1+ 43. Kh2 Qb7 44. f3 Ng6 45. Ngf5 Nf4 46. Nd6 Qc6 47. Qxf7 Qd7 48. Qf8 Ne6 49. Qb8 Bc6 50. Nec4 Ne8 51. Nxe5 Qxd6 52. Qxd6 Nxd6 53. Nxc6 Kg6 54. Kg3 Nc4 55. f4 Kf7 56. Kg4 Nd2 57. f5 Nc7 58. Kf4 Nc4 59. g4 Kf6 60. e5+ Kf7 61. h4 Nd5+ 62. Ke4 Ne7 63. e6+ Ke8 64. Nd4 Nd6+ 65. Ke5 Nc4+ 66. Ke4 1/2-1/2

[Event "SVK-ch U12"]
[Site "Liptovsky Mikulas"]
[Date "2018.04.22"]
[Round "2"]
[White "Lovcican, Tomas"]
[Black "Simon, Leonard"]
[Result "1-0"]
[WhiteElo "1660"]
[BlackElo "1373"]
[PlyCount "147"]
[EventDate "2018.04.21"]
[EventType "swiss"]
[EventRounds "9"]
[EventCountry "SVK"]
[SourceTitle "CBM 184 Extra"]
[Source "ChessBase"]
[SourceDate "2018.06.28"]
[SourceVersion "1"]
[SourceVersionDate "2018.06.28"]
[SourceQuality "1"]

1. d4 Nf6 2. c4 c5 3. d5 b5 4. Nc3 a6 5. e4 d6 6. cxb5 g6 7. f4 Bg7 8. Nf3 0-0 9. Bc4 axb5 10. Bxb5 Nxe4 11. Nxe4 Qa5+ 12. Nc3 Bxc3+ 13. bxc3 Qxb5 14. Nd2 e6 15. c4 Qd7 16. 0-0 exd5 17. cxd5 Re8 18. Bb2 Rf8 19. Ne4 Qb5 20. Nf6+ Kh8 21. Qc2 Bf5 22. Nh5+ f6 23. Bxf6+ Rxf6 24. Qc3 Nd7 25. Nxf6 Nxf6 26. Qxf6+ Kg8 27. Qxd6 c4 28. Qc6 Qxc6 29. dxc6 Rc8 30. Rac1 Rxc6 31. a4 c3 32. Rf3 c2 33. Kf2 Rd6 34. Ke1 Bg4 35. Rxc2 Bxf3 36. gxf3 Rd4 37. Ra2 Rxf4 38. Kf2 Rf6 39. a5 Ra6 40. Ke3 Kf7 41. Kf4 h6 42. Ke5 Ke7 43. Kd5 Kd7 44. Kc5 Kc7 45. Kb5 Kb7 46. Re2 Rf6 47. a6+ Ka7 48. Re7+ Ka8 49. Rg7 g5 50. Rh7 Rg6 51. Kc5 Rxa6 52. Kd5 Kb8 53. Ke5 Kc8 54. Kf5 Kd8 55. Kg4 Ra4+ 56. Kh5 Rh4+ 57. Kg6 Rxh2 58. Rxh6 Rg2 59. Rh3 g4 60. Rh8+ Ke7 61. f4 Rf2 62. f5 g3 63. Rh5 Rh2 64. Rg5 Rh8 65. f6+ Kf8 66. f7 Rh1 67. Re5 Rh6+ 68. Kxh6 Kxf7 69. Rg5 g2 70. Rxg2 Ke6 71. Rf2 Ke5 72. Kg5 Kd5 73. Re2 Kd4 74. Kf4 1-0

[Event "SVK-ch U12"]
[Site "Liptovsky Mikulas"]
[Date "2018.04.22"]
[Round "3"]
[White "Simon, Leonard"]
[Black "Broskovics, Krisztian"]
[Result "1-0"]
[WhiteElo "1373"]
[BlackElo "1000"]
[PlyCount "105"]
[EventDate "2018.04.21"]
[EventType "swiss"]
[EventRounds "9"]
[EventCountry "SVK"]
[SourceTitle "CBM 184 Extra"]
[Source "ChessBase"]
[SourceDate "2018.06.28"]
[SourceVersion "1"]
[SourceVersionDate "2018.06.28"]
[SourceQuality "1"]

1. e4 e5 2. d4 Nf6 3. Bg5 Be7 4. dxe5 Nxe4 5. Bxe7 Qxe7 6. Qd4 d5 7. Nf3 Nc6 8. Bb5 Bd7 9. Bxc6 Bxc6 10. 0-0 0-0 11. h3 Bb5 12. Rd1 Rad8 13. Qxa7 c5 14. Qa5 Be2 15. Re1 Bxf3 16. gxf3 Ng5 17. Kg2 Qe6 18. Rh1 Qxe5 19. Nc3 d4 20. Rad1 Qf5 21. Rd3 Rde8 22. Nb5 c4 23. Ra3 d3 24. Nd4 Qg6 25. Kf1 c3 26. Rxc3 d2 27. Rd3 Qh6 28. Qxd2 Re5 29. f4 Ne4 30. Qe3 Ree8 31. Qf3 Nc5 32. Rd1 Ne4 33. Rg1 Rd8 34. Qxe4 Qxh3+ 35. Qg2 Qxg2+ 36. Rxg2 Rd7 37. c3 b5 38. Ke2 Rb8 39. Rdg1 g6 40. f5 b4 41. Nc6 Rb6 42. Nxb4 Rd8 43. fxg6 Re6+ 44. Kf3 Rf6+ 45. Ke4 Re8+ 46. Kd5 Rd8+ 47. Kc4 Rc8+ 48. Kb3 Rxg6 49. Rxg6+ hxg6 50. a4 Rb8 51. Rg5 Kg7 52. Rb5 Re8 53. a5 1-0

[Event "SVK-ch U12"]
[Site "Liptovsky Mikulas"]
[Date "2017.04.27"]
[Round "8"]
[White "Antos, Martin"]
[Black "Simon, Leonard"]
[Result "1/2-1/2"]
[WhiteElo "1364"]
[BlackElo "1437"]
[PlyCount "139"]
[EventDate "2017.04.22"]
[EventType "swiss"]
[EventRounds "9"]
[EventCountry "SVK"]
[SourceTitle "CBM 178 Extra"]
[Source "ChessBase"]
[SourceDate "2017.06.22"]
[SourceVersion "1"]
[SourceVersionDate "2017.06.22"]
[SourceQuality "1"]

1. c4 c5 2. Nc3 Nc6 3. Nf3 Nf6 4. g3 d6 5. Bg2 Bf5 6. d3 e6 7. Bg5 Be7 8. 0-0 0-0 9. Qc2 h6 10. Bd2 a6 11. Rfe1 Qd7 12. Rad1 Rfe8 13. Qb3 Na5 14. Qa3 Nc6 15. Bf4 e5 16. Be3 b5 17. cxb5 axb5 18. Qb3 b4 19. Nb1 Be6 20. Qc2 Rxa2 21. Nbd2 Nd5 22. Nc4 Nxe3 23. Nxe3 Na5 24. Ra1 Rxa1 25. Rxa1 Qb5 26. Nd2 Nc6 27. Nd5 Bxd5 28. Bxd5 Nd4 29. Qd1 Bg5 30. Bc4 Qc6 31. e3 Ne6 32. Bb3 Qb7 33. Ne4 Qc7 34. Qb1 Rd8 35. Qa2 Qe7 36. Bc4 Bf6 37. Qa6 d5 38. Nxf6+ Qxf6 39. Bb3 Kh7 40. Qc6 d4 41. exd4 Nxd4 42. Qxf6 gxf6 43. Bxf7 Kg7 44. Bc4 Kg6 45. Ra5 Rc8 46. Kg2 Kg5 47. h3 h5 48. h4+ Kf5 49. Bd5 Rc7 50. Be4+ Ke6 51. Ra6+ Kf7 52. Bd5+ Kg7 53. Be4 f5 54. Bd5 f4 55. Be4 fxg3 56. Rg6+ Kf7 57. fxg3 Ne6 58. Rh6 Ng7 59. Bg6+ Kf8 60. Bxh5 Rd7 61. Be2 e4 62. dxe4 Rd2 63. Rf6+ Ke7 64. Rf2 Rxb2 65. Bc4 Rxf2+ 66. Kxf2 Kd6 67. Ke3 Ke5 68. Ba2 Nh5 69. g4 Nf6 70. g5 1/2-1/2

[Event "EU-ch U10 26th"]
[Site "Prague"]
[Date "2016.08.27"]
[Round "9"]
[White "Weissenhofer, Jonas"]
[Black "Simon, Leonard"]
[Result "0-1"]
[WhiteElo "1402"]
[BlackElo "1135"]
[PlyCount "62"]
[EventDate "2016.08.18"]
[EventType "swiss"]
[EventRounds "9"]
[EventCountry "CZE"]
[SourceTitle "CBM 174 Extra"]
[Source "ChessBase"]
[SourceDate "2016.10.10"]
[SourceVersion "1"]
[SourceVersionDate "2016.10.10"]
[SourceQuality "1"]

1. e4 c5 2. Nf3 Nc6 3. d4 cxd4 4. Nxd4 g6 5. Nc3 Bg7 6. Be3 Nf6 7. Be2 0-0 8. Qd2 d5 9. exd5 Nxd5 10. 0-0-0 Nxe3 11. fxe3 Nxd4 12. exd4 a5 13. g4 Qb6 14. Nd5 Qd6 15. Nf4 Bh6 16. Rhf1 Bxf4 17. Rxf4 Be6 18. Kb1 Rfb8 19. h4 b5 20. Bf3 Ra7 21. d5 Bd7 22. Qd4 Raa8 23. Rd2 a4 24. c3 Ra5 25. Re2 Rc8 26. Rfe4 e6 27. Rf4 Rc4 28. Qf6 Rxf4 29. Qd8+ Kg7 30. Qxa5 Rxf3 31. Qd8 Qxd5 0-1

[Event "EU-ch U10 26th"]
[Site "Prague"]
[Date "2016.08.22"]
[Round "5"]
[White "Simon, Leonard"]
[Black "Yudin, Yakov"]
[Result "1/2-1/2"]
[WhiteElo "1135"]
[BlackElo "1407"]
[PlyCount "65"]
[EventDate "2016.08.18"]
[EventType "swiss"]
[EventRounds "9"]
[EventCountry "CZE"]
[SourceTitle "CBM 174 Extra"]
[Source "ChessBase"]
[SourceDate "2016.10.10"]
[SourceVersion "1"]
[SourceVersionDate "2016.10.10"]
[SourceQuality "1"]

1. c4 Nf6 2. Nc3 d6 3. Nf3 g6 4. e4 Bg7 5. d4 Nbd7 6. Bg5 0-0 7. Qd2 e5 8. d5 Nc5 9. Bd3 a5 10. 0-0 Qd7 11. h3 Ne8 12. Rad1 Nxd3 13. Qxd3 f5 14. exf5 Qxf5 15. Qxf5 Bxf5 16. Rfe1 Nf6 17. Nb5 Rf7 18. Bxf6 Bxf6 19. b3 Raf8 20. Rd2 Bd8 21. a4 g5 22. Nc3 g4 23. hxg4 Bxg4 24. Nh2 Bh5 25. Ne4 b6 26. Re3 Rg7 27. Rh3 Bg6 28. Nc3 Rf5 29. Nf3 Rh5 30. Rxh5 Bxh5 31. Nh2 Kf7 32. Ne4 h6 33. g3 1/2-1/2

[Event "EU-ch U10 26th"]
[Site "Prague"]
[Date "2016.08.19"]
[Round "2"]
[White "Simon, Leonard"]
[Black "Rousis, Chrysostomos"]
[Result "0-1"]
[WhiteElo "1135"]
[BlackElo "1443"]
[PlyCount "48"]
[EventDate "2016.08.18"]
[EventType "swiss"]
[EventRounds "9"]
[EventCountry "CZE"]
[SourceTitle "CBM 174 Extra"]
[Source "ChessBase"]
[SourceDate "2016.10.10"]
[SourceVersion "1"]
[SourceVersionDate "2016.10.10"]
[SourceQuality "1"]

1. e4 c6 2. d4 d5 3. Nc3 dxe4 4. Nxe4 Bf5 5. Ng3 Bg6 6. Nf3 Nd7 7. Bf4 e6 8. Bc4 Ngf6 9. 0-0 Be7 10. Re1 0-0 11. Qd2 Rc8 12. Bb3 a5 13. Rad1 b5 14. a4 Qb6 15. axb5 cxb5 16. c3 a4 17. Bc2 Bxc2 18. Qxc2 Nd5 19. Be5 Nxe5 20. Nxe5 Rc7 21. Qe4 a3 22. Rd3 axb2 23. Rd2 Nxc3 24. h3 Nxe4 0-1

[Event "SVK-ch U10"]
[Site "Liptovsky Mikulas"]
[Date "2016.04.22"]
[Round "8"]
[White "Rakovsky, Jakub"]
[Black "Simon, Leonard"]
[Result "0-1"]
[WhiteElo "1000"]
[BlackElo "1137"]
[PlyCount "24"]
[EventDate "2016.04.16"]
[EventType "swiss"]
[EventRounds "9"]
[EventCountry "SVK"]
[SourceTitle "CBM 172 Extra"]
[Source "ChessBase"]
[SourceDate "2016.06.21"]
[SourceVersion "1"]
[SourceVersionDate "2016.06.21"]
[SourceQuality "1"]

1. c4 e5 2. Nc3 Nf6 3. g3 g6 4. Bg2 Bg7 5. e3 Nc6 6. Nge2 d6 7. 0-0 Bg4 8. b3 Qd7 9. Bb2 Bh3 10. Bxh3 Qxh3 11. d4 Ng4 12. f3 Qxh2# 0-1

[Event "SVK-ch U10"]
[Site "Liptovsky Mikulas"]
[Date "2016.04.20"]
[Round "6"]
[White "Sandor, Samuel"]
[Black "Simon, Leonard"]
[Result "1-0"]
[WhiteElo "1240"]
[BlackElo "1137"]
[PlyCount "65"]
[EventDate "2016.04.16"]
[EventType "swiss"]
[EventRounds "9"]
[EventCountry "SVK"]
[SourceTitle "CBM 172 Extra"]
[Source "ChessBase"]
[SourceDate "2016.06.21"]
[SourceVersion "1"]
[SourceVersionDate "2016.06.21"]
[SourceQuality "1"]

1. e4 e6 2. d4 d5 3. Nc3 Bb4 4. e5 Ne7 5. a3 Ba5 6. f4 0-0 7. Bd3 Nec6 8. Nf3 Nd7 9. 0-0 Bb6 10. Be3 Re8 11. Qe1 Qe7 12. Qg3 h6 13. f5 exf5 14. Bxh6 g6 15. Nxd5 Qe6 16. Nxb6 axb6 17. c4 Na5 18. d5 Qe7 19. Bg5 Qc5+ 20. Kh1 Nxc4 21. Bxf5 Qxd5 22. Rae1 Ncxe5 23. Bf4 f6 24. Bxg6 Re7 25. Be4+ Rg7 26. Bxd5+ Kh8 27. Qf2 c6 28. Ba2 Nxf3 29. Qxf3 Nc5 30. Qh5+ Rh7 31. Qe8+ Kg7 32. Qf7+ Kh8 33. Re8# 1-0

[Event "SVK-ch U10"]
[Site "Tatralandia"]
[Date "2015.04.21"]
[Round "5"]
[White "Simon, Leonard"]
[Black "Balvan, Filip"]
[Result "1/2-1/2"]
[WhiteElo "1000"]
[BlackElo "1391"]
[PlyCount "84"]
[EventDate "2015.04.18"]
[EventType "swiss"]
[EventRounds "9"]
[EventCountry "SVK"]
[SourceTitle "CBM 166 Extra"]
[Source "ChessBase"]
[SourceDate "2015.06.18"]
[SourceVersion "1"]
[SourceVersionDate "2015.06.18"]
[SourceQuality "1"]

1. e4 e5 2. Nf3 Nc6 3. Bc4 Bc5 4. 0-0 Nf6 5. d3 0-0 6. Nbd2 d6 7. c3 Bg4 8. h3 Bh5 9. Re1 Nd7 10. Nf1 Kh8 11. Ng3 Bg6 12. Bg5 f6 13. Bh4 Re8 14. Rc1 Na5 15. Bb5 a6 16. Ba4 b5 17. Bc2 Bb6 18. d4 exd4 19. cxd4 Qb8 20. Qd2 Qa7 21. Rcd1 Nc4 22. Qc1 c5 23. dxc5 Bxc5 24. Re2 Re7 25. b3 Ba3 26. Qf4 Nb2 27. Rdd2 Rae8 28. Re3 Qb7 29. Rde2 Bc5 30. Nd4 Bxd4 31. Rf3 d5 32. Rd2 Be5 33. Qe3 dxe4 34. Nxe4 Bc7 35. Rd4 Bb6 36. Qd2 Bxe4 37. Bxe4 Rxe4 38. Rxd7 Qb8 39. g3 Re1+ 40. Kg2 R8e7 41. Qc3 Qa8 42. g4 Bd8 1/2-1/2

[Event "SVK-ch U10"]
[Site "Tatralandia"]
[Date "2015.04.20"]
[Round "3"]
[White "Simon, Leonard"]
[Black "Marko, Maxim"]
[Result "0-1"]
[WhiteElo "1000"]
[BlackElo "1197"]
[PlyCount "78"]
[EventDate "2015.04.18"]
[EventType "swiss"]
[EventRounds "9"]
[EventCountry "SVK"]
[SourceTitle "CBM 166 Extra"]
[Source "ChessBase"]
[SourceDate "2015.06.18"]
[SourceVersion "1"]
[SourceVersionDate "2015.06.18"]
[SourceQuality "1"]

1. e4 e6 2. e5 Nc6 3. Nf3 Bc5 4. Bc4 d5 5. Bb5 Bd7 6. 0-0 a6 7. Bxc6 Bxc6 8. d4 Bb4 9. a3 Ba5 10. Nc3 Ne7 11. Re1 b5 12. Bg5 Bb6 13. Bxe7 Qxe7 14. Qd2 Bb7 15. Qf4 c5 16. dxc5 Bxc5 17. Rad1 0-0 18. b4 Bb6 19. a4 Qc7 20. a5 Bxf2+ 21. Kxf2 Qxc3 22. Re2 Rad8 23. Rd3 Qc7 24. Qh4 f6 25. exf6 Rxf6 26. Ke1 Rdf8 27. Ng5 Rh6 28. Qd4 Re8 29. h3 e5 30. Qg4 e4 31. Rd4 Qc3+ 32. Rdd2 e3 33. Qd7 exd2+ 34. Kd1 Qa1+ 35. Kxd2 Rxe2+ 36. Kxe2 Qe5+ 37. Kf3 Rf6+ 38. Kg4 Qf4+ 39. Kh5 Rh6# 0-1